Elektronické aplikace ve strojírenství : mikroprocesory /

Hlavní autor: Chyský, Jan, 1955-
Korporativní autor: Vysoké učení technické v Brně. Strojní fakulta
Další autoři: Novák, Lukáš, 1960-, Novák, Jaroslav, 1966-
Jazyk: Čeština
Vydáno: Praha : České vysoké učení technické, 1998
Vydání: Vyd. 1.
Témata:
Fyzický popis: 146 s. ; 29 cm
Knihy
Uloženo v:
LEADER 01563nam a2200373 a 4500
001 000281805
003 CZ BrMZK
005 20080703084136.0
007 ta
008 010907s1998 xr cze d
015 |a cnb000304840 
020 |a 80-01-01744-3 
035 |a (OCoLC)40091819 
040 |a BOA001  |b cze 
080 |a 681.326.32(075.8)  |2 MRF 
100 1 |a Chyský, Jan,  |d 1955-  |7 ntka172209  |4 aut 
245 1 0 |a Elektronické aplikace ve strojírenství :  |b mikroprocesory /  |c Jan Chyský, Jaroslav Novák, Lukáš Novák 
250 |a Vyd. 1. 
260 |a Praha :  |b České vysoké učení technické,  |c 1998 
300 |a 146 s. ;  |c 29 cm 
504 |a Obsahuje bibliografii 
521 8 |a Určeno pro posluchače fakulty strojní 
653 0 |a mikroprocesory 
700 1 |a Novák, Lukáš,  |d 1960-  |7 ntka173565  |4 aut 
700 1 |a Novák, Jaroslav,  |d 1966-  |7 ntka173556  |4 aut 
710 2 |a Vysoké učení technické v Brně.  |b Strojní fakulta  |7 kn20010709428 
910 |a BOA001  |b 4-1041.809  |b TK-A-0262.729 
920 |a 000286278 
964 |a Mikroprocesory  |x učebnice  |x školy vysoké 
990 |a BK 
996 6 |b 2610065588  |c 4-1041.809  |l MZK  |r Sklad / do 1 hodiny  |n 4  |p p.v.  |w 000281805  |u 000010  |a 1  |e BOA001  |j MZK50  |s P 
996 7 |b 2610155646  |c 4-1041.809  |l MZK  |r Sklad / do 1 hodiny  |n 0  |p kup  |w 000281805  |u 000020  |a 1  |e BOA001  |j MZK50  |s A 
996 7 |b 2620009724  |c TK-A-0262.729  |l MZK  |r Sklad / do 24 hodin  |n 3  |p kup  |w 000281805  |u 000030  |a 1  |e BOA001  |j MZK50  |s A 
996 7 |b 2620009725  |c TK-A-0262.729  |l MZK  |r Sklad / do 24 hodin  |n 1  |p kup  |w 000281805  |u 000040  |a 1  |e BOA001  |j MZK50  |s A